00318nam a22001097a 4500020001800000040000900018082001900027100002300046245006900069260003500138650003500173 a9780071428286 cNUST a621.38104bGIl a.Phd, . Gilleo Ken aArea Array Packaging MaterialsbAdhesive, Pestes, and Lead- Free aNew York:bMcGraw-Hill,c2004. aArea Array Packaging Materials